书目信息 |
| 题名: |
教育与心理统计
|
|
| 作者: | 郝德元 编著 | |
| 分册: | ||
| 出版信息: | 北京 教育科学出版社 1982 |
|
| 页数: | 583页 | |
| 开本: | 21cm | |
| 丛书名: | ||
| 单 册: | ||
| 中图分类: | B841.2 | |
| 科图分类: | ||
| 主题词: | 数理心理学 , 心理统计 | |
| 电子资源: | ||
| ISBN: | ||
| 000 | 00629nam0 2200241 45 | |
| 001 | 0182003612 | |
| 005 | 20060524085712.14 | |
| 010 | @dCNY2.10 | |
| 091 | @a7232.92 | |
| 100 | @a19950608d1982 emky0chiy0121 ea | |
| 101 | 0 | @achi |
| 102 | @aCN@b110000 | |
| 105 | @ay i 000yy | |
| 200 | 10 | @a教育与心理统计@Ajiao yu yu xin li tong ji@f郝德元编著@FHao De Yuan Bian Zhu |
| 210 | @a北京@c教育科学出版社@d1982 | |
| 215 | @a583页@d21cm | |
| 606 | @a数理心理学 | |
| 606 | @a心理统计 | |
| 690 | @aB841.2@v3 | |
| 701 | 0 | @a郝德元@4编著 |
| 801 | 0 | @aCN@b上海图书馆@c20060524 |
| 801 | 2 | @aCN@bNLC@c20051231 |
| 905 | @dB841.2@e92 | |
| 教育与心理统计/郝德元编著.-北京:教育科学出版社,1982 |
| 583页;21cm |
| ISBN :CNY2.10 |
| ● |
| 相关链接 |
|
|
|
|
正题名:教育与心理统计
索取号:B841.2/92
 
预约/预借
| 序号 | 登录号 | 条形码 | 馆藏地/架位号 | 状态 | 备注 |
| 1 | 0117257 | 000504797 | 密集书库/ [索取号:B841.2/92] | 在馆 | |
| 2 | 0117258 | 000504804 | 密集书库/ [索取号:B841.2/92] | 在馆 | |
| 3 | 0117259 | 002042122 | 第一样本阅览室/ [索取号:B841.2/92] | 在馆 | |
| 4 | 0150000 | 202184251 | 密集书库/ [索取号:B841.2/92] | 在馆 | |
| 5 | 0150001 | 000504788 | 密集书库/ [索取号:B841.2/92] | 在馆 | |
| 6 | 0150002 | 202381831 | 密集书库/ [索取号:B841.2/92] | 在馆 |